| 000 | 03047cam a2200445 a 4500 | ||
|---|---|---|---|
| 001 | 9472260 | ||
| 003 | ARRUPE | ||
| 005 | 20150605020006.0 | ||
| 008 | 000720s2000 nyuab 000 1 eng | ||
| 010 | _a 00060827 | ||
| 020 | _a0553106635 | ||
| 020 | _a9780553106633 | ||
| 029 | 1 |
_aYDXCP _b1700604 |
|
| 029 | 1 |
_aNZ1 _b5798848 |
|
| 029 | 1 |
_aAU@ _b000021688969 |
|
| 029 | 1 |
_aAU@ _b000047975639 |
|
| 035 | _a(OCoLC)ocm44676135 | ||
| 035 |
_a(OCoLC)44676135 _z(OCoLC)53151220 _z(OCoLC)435438060 |
||
| 035 | _a(NNC)9472260 | ||
| 040 |
_aDLC _cDLC _dBAKER _dBTCTA _dYDXCP _dWGTPL _dWPB _dM$K _dEYP _dIAD _dBDX |
||
| 050 | 0 | 0 |
_aPZ4.M380 _bS7 |
| 082 | 0 | 0 |
_a813/.54 _221 |
| 100 | 1 |
_aMartin, George R. R. _917785 |
|
| 245 | 1 | 2 |
_aA storm of swords : _cGeorge R.R. Martin. _bBook three of a song of ice and fire |
| 260 |
_aNew York : _bBantam Books, _c2000. |
||
| 300 |
_a973 p. : _bill., maps ; _c25 cm. |
||
| 490 | 1 | _aBk. 3 of A song of ice and fire | |
| 490 | 1 | _aA Bantam spectra book | |
| 520 | 0 | _aHere is the third volume in Martin's cycle of novels that includes A Game of Thrones and A Clash of Kings. Magic, mystery, intrigue, romance, and adventure fill these pages. The Seven Kingdoms are torn by strife as the three surviving contenders for the throne continue their struggle for power, Robb Stark defends his fledgling kingdom from the ravaging Greyjoys, Winterfell lies in ruins, Jon Snow confronts an escalating threat from behind the Wall, and Danerys Stormborn and her dragon allies continue to grow in power. Joffrey, of House Lannister, sits on the Iron Throne, the uneasy ruler of the land of the Seven Kingdoms. His most bitter rival, Lord Stannis, stands defeated and disgraced, the victim of the jealous sorceress who holds him in her evil thrall. But young Robb, of House Stark, still rules the North from the fortress of Riverrun. Robb plots against his despised Lannister enemies, even as they hold his sister hostage at King's Landing, the seat of the Iron Throne. Meanwhile, making her way across a blood-drenched continent is the exiled queen, Daenerys, mistress of the only three dragons still left in the world. But as opposing forces maneuver for the final titanic showdown, an army of barbaric wildlings arrives from the outermost line of civilization. In their vanguard is a horde of mythical Others--a supernatural army of the living dead whose animated corpses are unstoppable. As the future of the land hangs in the balance, no one will rest until the Seven Kingdoms have exploded in a veritable storm of swords. | |
| 530 | _aAlso issued online. | ||
| 650 | 0 |
_aFantasy fiction. _917787 |
|
| 650 | 7 |
_aFantasy fiction _2gsafd _917787 |
|
| 655 | 7 |
_aFantasy fiction. _2gsafd _917787 |
|
| 776 | 0 | 8 |
_iOnline version: _aMartin, George R. R. _tStorm of swords. _dNew York : Bantam Books, 2000 _w(OCoLC)606435226 |
| 800 | 1 |
_aMartin, George R. R. _tSong of ice and fire ; _vbk. 3. _917793 |
|
| 830 | 0 |
_aBantam spectra book. _917794 |
|
| 942 |
_2lcc _cMONOGRAPH _01 |
||
| 948 | 1 |
_a20120607 _bc _cks26 _dMPS |
|
| 999 |
_c122834 _d122834 |
||